| 000 | 00756nam a2200229 i 4500 | ||
|---|---|---|---|
| 001 | bg | ||
| 100 | 1 | _aSZCZEPAŃSKI, Kazimierz | |
| 245 | 1 | 0 |
_aOrdynacja podatkowa : _bzobowiązania podatkowe z komentarzem : powstanie, wygaśnięcie, terminy, przedawnienie, odpowiedzialność / _cKazimierz Szczepański. |
| 250 | _aStan prawny na dzień 15 marca 1998 r. | ||
| 260 |
_aWarszawa : _bWydaw. Prawno-Ekonomiczne INFOR, _c1998. |
||
| 300 |
_a247, [1] s. ; _c24 cm. |
||
| 490 | 1 | _aKomentarze | |
| 650 | 9 |
_aPodatek _xprawo _zPolska _ystan na 1998 r. |
|
| 830 | _aKomentarze | ||
| 020 | _a838726153X | ||
| 040 | _cBPK | ||
| 041 | 0 | _apl | |
| 080 | _a336.221.24(438) | ||
| 920 | _a83-87261-53-X | ||
| 942 | _cKS | ||
| 008 | s pl f |000 0 pol | ||
| 999 |
_c33248 _d33248 |
||
| 856 |
_uhttp://koha.tu.koszalin.pl/cgi-bin/koha/opac-detail.pl?biblionumber=33248 _yKatalog online BPK |
||